000 01390aam a2200325 i 4500
999 _c36061
_d36061
001 768714001
003 CO-MdFUSB
005 20200810152717.0
007 ta
008 200810t1987 -us |||| |||| 00| 0 spa d
020 _a0829704361
040 _bspa.
_aCO-MdFUSB
_cCO-MdFUSB
_dCO-MdFUSBC
_erda
041 _aspa
_heng
082 0 4 _223
_a248.8
_bG3948m
100 1 _aGetz, Gene A.
_eautor
240 _aThe measure of a man
245 3 _aLa medida del hombre :
_bestudios sobre las epístolas a Timoteo y a Tito
_c/ Gene A. Getz ; traducido por Ernesto Suárez Vilela
264 1 _aEstados Unidos :
_bVida,
_c[1987]
264 4 _c© 1987
300 _a204 Páginas
_c; 18 cm
336 _atexto
_btxt
_2rdacontent
337 _2rdamedia
_asin mediación
_bn
338 _2rdacarrier
_avolumen
_bnc
505 _aHacia dónde nos dirigimos - Sin reproche - Marido de una sola esposa -Templado - Prudente - Respetable - Hospitalario - Capaz de enseñar - No adicto al vino - No voluntarioso - No irascible - No es agresivo - indiscutible - suave - gratuito desde el amor al dinero - Uno que maneja su propia casa - buena reputación a con los de fuera - ,Amar lo que es bueno - Justo - Beato - No es una nuevo convertido.
563 _aRústico
650 0 _aVida cristiana
_919
700 _94771
_aSuárez Vilela, Ernesto.
_etraductor
942 _cBK
945 _aJTF-925